00395nam a22000977a 4500008004100000050002800041100002300069245013600092260005400228300001500282210223b xxu||||| |||| 00| 0 eng d aGMMF1359b.M87 2020 c.1 aMurage, Joy Wambui aTowards Whole person healthcare for female sex workers in Bomet county, Kenyabidentify the unmet health needs cJoy Wambui Murage  aKabarak, Nakuru, Kenya bKabarak Universityc2020 a151 leaves